000 00370pam a2200157a 44500
008 230515b1995 xxu||||| |||| 00| 0 eng d
020 _aNULL
041 _aENG
082 _a618.1
100 _aDawn C S
245 _aText book of Gynaecology and contraception 12thed
250 _a0
260 _aNULL
_b"Dawns book, nd, "
_c1995
300 _a703
650 _aN.D.
999 _c520628
_d520628